People from Places by Picture - Statistics

General Stats
  • This quiz has been taken 55 times
  • The average score is 10 of 20
Answer Stats
Picture Answer % Correct
Canada
88%
Justin Trudeau
82%
Benito Mussolini
80%
Italy
80%
Julius Caesar
78%
Pope Francis
76%
Christopher Columbus
68%
Lyndon B. Johnson
66%
Bernie Sanders
58%
Hugo Chavez
46%
Texas
46%
South America
42%
Alex Trebek
38%
Augusto Pinochet
36%
Kenny Rogers
36%
Vermont
26%
Ron Paul
22%
Gordon Lightfoot
18%
Howard Dean
18%
Ethan Allen
10%
No matching quizzes found
Score Distribution
Percent of People with Each Score
Percentile by Number Answered
Your Score History
You have not taken this quiz